Theories of inflation (Record no. 59732)

MARC details
000 -LEADER
fixed length control field 00850nam a2200205 a 4500
008 - FIXED-LENGTH DATA ELEMENTS--GENERAL INFORMATION
fixed length control field 120416s1983 ||||||||||||||||| || u
020 ## - INTERNATIONAL STANDARD BOOK NUMBER
International Standard Book Number 0521295122
020 ## - INTERNATIONAL STANDARD BOOK NUMBER
International Standard Book Number 0521295122
050 ## - LIBRARY OF CONGRESS CALL NUMBER
Classification number HG 229 Fri
100 ## - MAIN ENTRY--PERSONAL NAME
Personal name Frisch, Helmut
245 10 - TITLE STATEMENT
Title Theories of inflation
260 ## - PUBLICATION, DISTRIBUTION, ETC.
Place of publication, distribution, etc. Cambridge:
Name of publisher, distributor, etc. Cambridge University Press
Date of publication, distribution, etc. 1983
300 ## - PHYSICAL DESCRIPTION
Extent ix, 262 p.: ill.
350 ## - PRICE (NR) (BK AM CF MU VM SE) [OBSOLETE]
Price 0.00
490 ## - SERIES STATEMENT
Series statement Cambridge surveys of economic literature
500 ## - GENERAL NOTE
General note Based on: Die neue Inflationstheorie. Gèottingen : Vandenhoeck und Ruprecht, 1980. -Includes indexes. -Bibliography: p. 250-258.
650 ## - SUBJECT ADDED ENTRY--TOPICAL TERM
Topical term or geographic name entry element INFLATION (FINANCE)
856 ## - ELECTRONIC LOCATION AND ACCESS
Uniform Resource Identifier <a href="http://www.loc.gov/catdir/description/cam032/83001871.html">http://www.loc.gov/catdir/description/cam032/83001871.html</a>
995 ## - RECOMMENDATION 995 [LOCAL, UNIMARC FRANCE]
-- 0.00
-- CBU-MAIN LIBRARY (Kitwe)
-- 1
-- 14.95
-- 1
-- AVAILABLE
-- Main Library Open Access Collection
Holdings
Withdrawn status Lost status Source of classification or shelving scheme Damaged status Not for loan Home library Current library Shelving location Date acquired Total Checkouts Full call number Barcode Date last seen Price effective from Koha item type
          CBU-MAIN LIBRARY, KITWE. CBU-MAIN LIBRARY, KITWE.   11/30/2022   HG 229 Fri 026296 11/30/2022 11/30/2022 MONOGRAPH